<?xml version="1.0" encoding="UTF-8"?>
<collection xmlns="http://www.loc.gov/MARC21/slim">
 <record>
  <leader>00623pamaa2200181   4500</leader>
  <controlfield tag="001">0000043706</controlfield>
  <controlfield tag="005">20121212090000.0</controlfield>
  <controlfield tag="008">080514                             eng  </controlfield>
  <datafield tag="020" ind1="0" ind2="0">
   <subfield code="a">9789834353803 (pbk.) </subfield>
  </datafield>
  <datafield tag="090" ind1="0" ind2="0">
   <subfield code="a">BF410 </subfield>
   <subfield code="b">ZAB 2007</subfield>
  </datafield>
  <datafield tag="100" ind1="1" ind2="1">
   <subfield code="a">Zabrina A. Bakar </subfield>
  </datafield>
  <datafield tag="245" ind1="1" ind2="0">
   <subfield code="a">Life is an open secret : </subfield>
   <subfield code="b">18 inspirational stories from ordinary life experiences  </subfield>
   <subfield code="c">Zabrina A. Bakar.</subfield>
  </datafield>
  <datafield tag="260" ind1="0" ind2="0">
   <subfield code="a">Kuala Lumpur: </subfield>
   <subfield code="b">Wise Words Publishing, </subfield>
   <subfield code="c">2007.</subfield>
  </datafield>
  <datafield tag="300" ind1=" " ind2=" ">
   <subfield code="a">xxiii, 173 p.: </subfield>
   <subfield code="b">ill.; </subfield>
   <subfield code="c">18 cm.</subfield>
  </datafield>
  <datafield tag="501" ind1="0" ind2="0">
   <subfield code="a">SAH</subfield>
  </datafield>
  <datafield tag="650" ind1="0" ind2="0">
   <subfield code="a">Motivation -- </subfield>
   <subfield code="x">Anecdotes </subfield>
  </datafield>
  <datafield tag="650" ind1="0" ind2="0">
   <subfield code="a">Inspiration -- </subfield>
   <subfield code="x">Anecdotes </subfield>
  </datafield>
  <datafield tag="901" ind1=" " ind2=" ">
   <subfield code="u">www.wisdomthruwords.blogspot.com</subfield>
  </datafield>
 </record>
</collection>
